|
|
|
|
| LEADER |
00000cam a22000004a 4500 |
| 001 |
musev2_75207 |
| 003 |
MdBmJHUP |
| 005 |
20230905051755.0 |
| 006 |
m o d |
| 007 |
cr||||||||nn|n |
| 008 |
190925s2018 mau o 00 0 eng d |
| 020 |
|
|
|a 9781684170999
|
| 020 |
|
|
|z 1684170990
|
| 020 |
|
|
|z 9780674987142
|
| 035 |
|
|
|a (OCoLC)1153485578
|
| 040 |
|
|
|a MdBmJHUP
|c MdBmJHUP
|
| 100 |
1 |
|
|a Schneewind, Sarah.
|4 aut
|0 (FrPBN)15082515
|0 (isni)0000000036822365
|
| 245 |
1 |
0 |
|a Shrines to Living Men in the Ming Political Cosmos /
|c Sarah Schneewind.
|
| 264 |
|
1 |
|a Cambridge (Mass.) :
|b Harvard University press.
|
| 264 |
|
3 |
|a Baltimore, Md. :
|b Project MUSE,
|c 2021
|
| 300 |
|
|
|a 1 online resource (378 pages):
|b illustrations ;
|
| 336 |
|
|
|a text
|b txt
|2 rdacontent
|
| 337 |
|
|
|a computer
|b c
|2 rdamedia
|
| 338 |
|
|
|a online resource
|b cr
|2 rdacarrier
|
| 490 |
0 |
|
|a Harvard-Yenching Institute monograph series ;
|v 115
|
| 500 |
|
|
|a Bibliogr. p. 303-342. Index.
|
| 588 |
|
|
|a Description based on print version record.
|
| 650 |
|
7 |
|0 (FrPBN)11945827
|a Religion et État
|0 (FrPBN)11963283
|z Chine
|0 (FrPBN)11934444
|x Histoire.
|2 ram
|
| 650 |
|
7 |
|0 (FrPBN)11932699
|a Religion et politique
|0 (FrPBN)11963283
|z Chine
|0 (FrPBN)11934444
|x Histoire.
|2 ram
|
| 650 |
|
7 |
|0 (FrPBN)17839257
|a Sanctuaires
|z Chine
|0 (FrPBN)11934444
|x Histoire.
|2 ram
|
| 651 |
|
7 |
|0 (FrPBN)11956662
|a Chine
|y 1368-1644 (Dynastie des Ming)
|2 ram
|
| 655 |
|
7 |
|a Electronic books.
|2 local
|
| 710 |
2 |
|
|a Project Muse.
|e distributor
|
| 830 |
|
0 |
|a Book collections on Project MUSE.
|
| 856 |
4 |
0 |
|z Texto completo
|u https://projectmuse.uam.elogim.com/book/75207/
|
| 945 |
|
|
|a Project MUSE - Custom Collection
|
| 945 |
|
|
|a Project MUSE - 2019 Complete Supplement
|
| 945 |
|
|
|a Project MUSE - 2019 Philosophy and Religion Supplement
|
| 945 |
|
|
|a Project MUSE - 2019 Asian and Pacific Studies Supplement
|